Mountain timberlines : ecology, patchiness, and dynamics
Αποθηκεύτηκε σε:
| Κύριος συγγραφέας: | |
|---|---|
| Μορφή: | Βιβλίο |
| Γλώσσα: | English German |
| Δημοσίευση: |
Dordrecht ; Boston ; London :
Kluwer Academic Publishers,
c2003.
|
| Σειρά: | Advances in global change research ;
14 |
| Θέματα: | |
| Ετικέτες: |
Προσθήκη ετικέτας
Δεν υπάρχουν, Καταχωρήστε ετικέτα πρώτοι!
|
MARC
| LEADER | 00000cam a2200000 i 4500 | ||
|---|---|---|---|
| 001 | 1/41496 | ||
| 008 | 031007s2003 ne | ||| |||| ||eng|| | ||
| 020 | |a 1402013566 | ||
| 035 | |l 10070999 | ||
| 040 | |a GR-MyUA |b gre |e AACR2 | ||
| 041 | 1 | |a eng |h ger | |
| 082 | 0 | |a 577.3 |2 (21) | |
| 100 | 1 | |a Holtmeier, Friedrich-Karl. | |
| 245 | 1 | 0 | |a Mountain timberlines : |b ecology, patchiness, and dynamics / |c by Friedrich-Karl Holtmeier. |
| 260 | |a Dordrecht ; Boston ; London : |b Kluwer Academic Publishers, |c c2003. | ||
| 300 | |a x, 369 σ. : |b εικ., πιν., χαρτ. ; |c 25 εκ. | ||
| 490 | 1 | |a (Advances in global change research |v ; 14) | |
| 500 | |a Τίτλος πρωτοτύπου: Die Hohengrenze der Gebirgswalder. | ||
| 504 | |a Περιέχει βιβλιογραφία και ευρετήριο. | ||
| 650 | 0 | 0 | |a Timberline. |
| 650 | 0 | 0 | |a Forest ecology. |
| 650 | 0 | 0 | |a Mountain plants |x Ecophysiology. |
| 650 | 0 | 0 | |a Mountain ecology. |
| 830 | 0 | |a Advances in global change research ; |v 14 | |
| 852 | |a INST |b LESVOS |e 20031007 |h 577.3 HOL |p 005100031037 |q 005100031037 |t BK |y 0 | ||
| 901 | |a BIBL1-2003-3 | ||
| 909 | |a Λ |b 106226 | ||
| 922 | |a 1ΕΛΗ |b 200309 |c ΕΠΕΑΕΚ2/ΤΓ |d ΜΙΧΑΛΟΠΟΥΛΟΣ | ||
| 950 | |a 118-2003-06-09 | ||
| 970 | |a ΧΡΙΣΤΟΦΑ |b ΝΙΚΗ |z 2003/10/22 | ||